| 000 | 00757nam a2200241Ia 4500 | ||
|---|---|---|---|
| 001 | dia_4010 | ||
| 003 | CHAP | ||
| 005 | 20251014162312.0 | ||
| 008 | 220117s1997 xx 000 0 und d | ||
| 010 | _a174630 | ||
| 040 |
_amxchpua _erda |
||
| 090 | _aFOLLETO 2555 | ||
| 100 |
_aSagarnaga Villegas, Myriam _9142970 |
||
| 245 |
_aEl impacto del TLC sobre el sistema agroindustrial porcino mexicano / _c Myriam Sagarnaga Villegas |
||
| 260 |
_aChapingo, México : _b UACh, CIESTAAM, _c1997 |
||
| 300 | _a21 p. | ||
| 500 | _aD. (Reporte de investigación, 32) | ||
| 650 |
_aCarne _xComercialización _9141169 |
||
| 901 | _aFOLLETO 2555 | ||
| 902 | _aM | ||
| 905 | _a0000001997 mx 0000000000spa00 | ||
| 942 |
_cFOLL _2local |
||
| 999 |
_c174630 _d174630 |
||